书目信息 |
| 题名: |
建筑机械设备管理
|
|
| 作者: | 陆德忠 编 | |
| 分册: | ||
| 出版信息: | 北京 中国建筑工业出版社 1982 |
|
| 页数: | 174页 | |
| 开本: | 25cm | |
| 丛书名: | ||
| 单 册: | ||
| 中图分类: | TU60 | |
| 科图分类: | ||
| 主题词: | 建筑工程-设备管理 , 设备管理-建筑工程 | |
| 电子资源: | ||
| ISBN: | ||
| 000 | 00637nam0 2200241 45 | |
| 001 | 0182004357 | |
| 005 | 20061127142818.26 | |
| 010 | @dCNY0.93 | |
| 091 | @aCN@b15040.4146 | |
| 100 | @a19950404d1982 em y0chiy0121 ea | |
| 101 | 0 | @achi |
| 102 | @aCN@b110000 | |
| 105 | @ay z 000yy | |
| 200 | 10 | @a建筑机械设备管理@Ajian zhu ji xie she bei guan li@f陆德忠编 |
| 210 | @a北京@c中国建筑工业出版社@d1982 | |
| 215 | @a174页@d25cm | |
| 606 | @a建筑工程-设备管理 | |
| 606 | @a设备管理-建筑工程 | |
| 690 | @aTU60@v3 | |
| 701 | 0 | @a陆德忠@Alu de zhong@4编 |
| 801 | 2 | @aCN@bNLC@c20061127 |
| 801 | 0 | @aCN@bTSSF |
| 905 | @a10447@dTU60@e3 | |
| 建筑机械设备管理/陆德忠编.-北京:中国建筑工业出版社,1982 |
| 174页;25cm |
| ISBN :CNY0.93 |
| ● |
| 相关链接 |
|
|
|
|
正题名:建筑机械设备管理
索取号:TU60/3
 
预约/预借
| 序号 | 登录号 | 条形码 | 馆藏地/架位号 | 状态 | 备注 |
| 1 | 0074194 | 001484021 | 第二样本阅览室/ [索取号:TU60/3] | 在馆 |